00571nam a22001457a 4500008004100000020001500041040001500056050002700071100002100098245016600119260006000285300002800345700002600373700002600399191204b xxu||||| |||| 00| 0 eng d a9290593294 aKABUcKABU aS599.5b.B37 2012 c. 1 aBarrios, Edmundo aInPaC-S: Participartory knowledge integration on indicators of soil qualitybmethodological guidecEdmundo Barrios, Heitor L.C. Coutinho and Carlos A.B. Medeiros aNairobi, KenyabWorld Agroforestry Centre (ICRAF)c2012 a1 vol. (various paging) aCoutinho, Heitor L.C. aMedeiros, Carlos A.B.